Hệ thống thông tin di động 3G và xu hướng phát triển

Giới thiệu chung về hệ thống thông tin di động thế hệ ba; hệ thống thông tin di động thế hệ thứ ba UMTS, hệ thông thông tin di động thế hệ ba_CDM3 2000, xu hướng phát triển sau 3G

Đã lưu trong:
書目詳細資料
格式: 圖書
語言:Undetermined
出版: Hà Nội Khoa học và Kỹ thuật 2004
主題:
標簽: 添加標簽
沒有標簽, 成為第一個標記此記錄!
Thư viện lưu trữ: Trung tâm Học liệu Trường Đại học Cần Thơ
LEADER 00902nam a2200193Ia 4500
001 CTU_161893
008 210402s9999 xx 000 0 und d
020 |c 40000 
082 |a 621.38456 
082 |b H250 
245 0 |a Hệ thống thông tin di động 3G và xu hướng phát triển 
245 0 |c Đặng Đình Lâm,... [et al.] 
260 |a Hà Nội 
260 |b Khoa học và Kỹ thuật 
260 |c 2004 
520 |a Giới thiệu chung về hệ thống thông tin di động thế hệ ba; hệ thống thông tin di động thế hệ thứ ba UMTS, hệ thông thông tin di động thế hệ ba_CDM3 2000, xu hướng phát triển sau 3G 
650 |a Mobile communication systems,Hệ thống thông tin di động 
910 |a Hải 
980 |a Trung tâm Học liệu Trường Đại học Cần Thơ